| 000 | 00505nam a2200169Ia 4500 | ||
|---|---|---|---|
| 999 |
_c12278 _d12278 |
||
| 003 | OSt | ||
| 005 | 20201016101035.0 | ||
| 008 | 190216s9999||||xx |||||||||||||| ||und|| | ||
| 040 | _coclc | ||
| 082 |
_a820.9 _bCRA/L |
||
| 100 |
_aCraig, Hardin _95104 |
||
| 245 | 4 |
_aThe Literature Of The English Renaissance 1485-1600 / _cHardin Craig |
|
| 260 |
_bPenguin Books, _aLondon: _c1966. |
||
| 300 | _a290p | ||
| 650 | _aEnglish Literature | ||
| 942 |
_cBK _2ddc _h820.9 _iCRA/L _k820.9 _mCRA/L |
||